<?xml version="1.0" encoding="UTF-8"?>
<record
    xmlns:xsi="http://www.w3.org/2001/XMLSchema-instance"
    xsi:schemaLocation="http://www.loc.gov/MARC21/slim http://www.loc.gov/standards/marcxml/schema/MARC21slim.xsd"
    xmlns="http://www.loc.gov/MARC21/slim">

  <leader>01090nam a22002057a 4500</leader>
  <controlfield tag="008">111014t        xxu||||| |||| 00| 0 eng d</controlfield>
  <datafield tag="020" ind1=" " ind2=" ">
    <subfield code="a">0697361551 9780697361554</subfield>
  </datafield>
  <datafield tag="050" ind1=" " ind2=" ">
    <subfield code="a">G128.G495 </subfield>
  </datafield>
  <datafield tag="100" ind1=" " ind2=" ">
    <subfield code="a">Getis, Arthur.</subfield>
  </datafield>
  <datafield tag="245" ind1=" " ind2=" ">
    <subfield code="a">Introduction to geography. /</subfield>
    <subfield code="c">Arthur Getis et al.</subfield>
  </datafield>
  <datafield tag="250" ind1=" " ind2=" ">
    <subfield code="a">6th ed.</subfield>
  </datafield>
  <datafield tag="260" ind1=" " ind2=" ">
    <subfield code="a">Boston :</subfield>
    <subfield code="b">WCB/McGraw-Hill, </subfield>
    <subfield code="c">1998.</subfield>
  </datafield>
  <datafield tag="300" ind1=" " ind2=" ">
    <subfield code="a">xiii, 536 p. : </subfield>
    <subfield code="b">ill. (col.) ; </subfield>
    <subfield code="c">28 cm.</subfield>
  </datafield>
  <datafield tag="500" ind1=" " ind2=" ">
    <subfield code="a">Includes appendix, glossary and index.</subfield>
  </datafield>
  <datafield tag="505" ind1=" " ind2=" ">
    <subfield code="a">Contents: Introduction -- Part I: The earth science tradition: Maps -- Physical geography: landforms -- Physical geography: weather and climate -- Human impact on the environment -- Part II: The culture-environment tradition: Population geography -- Cultural geography -- Geography of spatial behavior -- Political geography -- Part: III: The locational tradition: Economic geography -- The geography of natural resources -- Urban geography -- The area analysis tradition:  The regional concept.</subfield>
  </datafield>
  <datafield tag="650" ind1=" " ind2=" ">
    <subfield code="a">Geography.   </subfield>
  </datafield>
  <datafield tag="700" ind1=" " ind2=" ">
    <subfield code="a">Getis, Judith. </subfield>
  </datafield>
  <datafield tag="700" ind1=" " ind2=" ">
    <subfield code="a">Fellmann, Jerome D.</subfield>
  </datafield>
  <datafield tag="942" ind1=" " ind2=" ">
    <subfield code="2">lcc</subfield>
    <subfield code="c">BK</subfield>
  </datafield>
  <datafield tag="999" ind1=" " ind2=" ">
    <subfield code="c">174</subfield>
    <subfield code="d">7674</subfield>
  </datafield>
  <datafield tag="952" ind1=" " ind2=" ">
    <subfield code="0">0</subfield>
    <subfield code="1">0</subfield>
    <subfield code="2">lcc</subfield>
    <subfield code="4">0</subfield>
    <subfield code="7">0</subfield>
    <subfield code="a">WIUC-1</subfield>
    <subfield code="b">WIUC-1</subfield>
    <subfield code="c">GEN</subfield>
    <subfield code="d">2011-10-14</subfield>
    <subfield code="l">0</subfield>
    <subfield code="o">G128.G495</subfield>
    <subfield code="p">512/11</subfield>
    <subfield code="r">2011-10-14 00:00:00</subfield>
    <subfield code="t">1</subfield>
    <subfield code="w">2011-10-14</subfield>
    <subfield code="y">BK</subfield>
  </datafield>
  <datafield tag="952" ind1=" " ind2=" ">
    <subfield code="0">0</subfield>
    <subfield code="1">0</subfield>
    <subfield code="2">lcc</subfield>
    <subfield code="4">0</subfield>
    <subfield code="7">0</subfield>
    <subfield code="a">WIUC-1</subfield>
    <subfield code="b">WIUC-1</subfield>
    <subfield code="c">REF</subfield>
    <subfield code="d">2011-10-14</subfield>
    <subfield code="l">0</subfield>
    <subfield code="o">G128.G4951</subfield>
    <subfield code="p">513/11</subfield>
    <subfield code="r">2011-10-14 00:00:00</subfield>
    <subfield code="t">2</subfield>
    <subfield code="w">2011-10-14</subfield>
    <subfield code="y">BK</subfield>
  </datafield>
  <datafield tag="952" ind1=" " ind2=" ">
    <subfield code="0">0</subfield>
    <subfield code="1">0</subfield>
    <subfield code="2">lcc</subfield>
    <subfield code="4">0</subfield>
    <subfield code="7">0</subfield>
    <subfield code="a">WIUC-1</subfield>
    <subfield code="b">WIUC-1</subfield>
    <subfield code="c">GEN</subfield>
    <subfield code="d">2011-10-14</subfield>
    <subfield code="l">0</subfield>
    <subfield code="o">G128.G4952</subfield>
    <subfield code="p">514/11</subfield>
    <subfield code="r">2011-10-14 00:00:00</subfield>
    <subfield code="t">3</subfield>
    <subfield code="w">2011-10-14</subfield>
    <subfield code="y">BK</subfield>
  </datafield>
  <datafield tag="952" ind1=" " ind2=" ">
    <subfield code="0">0</subfield>
    <subfield code="1">0</subfield>
    <subfield code="2">lcc</subfield>
    <subfield code="4">0</subfield>
    <subfield code="7">0</subfield>
    <subfield code="a">WIUC-1</subfield>
    <subfield code="b">WIUC-1</subfield>
    <subfield code="c">GEN</subfield>
    <subfield code="d">2011-10-14</subfield>
    <subfield code="l">0</subfield>
    <subfield code="o">G128.G4953</subfield>
    <subfield code="p">515/11</subfield>
    <subfield code="r">2011-10-14 00:00:00</subfield>
    <subfield code="t">4</subfield>
    <subfield code="w">2011-10-14</subfield>
    <subfield code="y">BK</subfield>
  </datafield>
  <datafield tag="952" ind1=" " ind2=" ">
    <subfield code="0">0</subfield>
    <subfield code="1">0</subfield>
    <subfield code="2">lcc</subfield>
    <subfield code="4">0</subfield>
    <subfield code="7">0</subfield>
    <subfield code="a">WIUC-1</subfield>
    <subfield code="b">WIUC-1</subfield>
    <subfield code="c">GEN</subfield>
    <subfield code="d">2011-10-14</subfield>
    <subfield code="l">0</subfield>
    <subfield code="o">G128.G4954</subfield>
    <subfield code="p">539/11</subfield>
    <subfield code="r">2011-10-14 00:00:00</subfield>
    <subfield code="t">5</subfield>
    <subfield code="w">2011-10-14</subfield>
    <subfield code="y">BK</subfield>
  </datafield>
</record>
